Movies Quiz

Random Movies or Actress Quiz

Actor Movie Chain: 1990s Quiz Stats

 Plays Quiz Updated May 3, 2019

Score 0/24 Timer 05:00
6 Plays Today
% Correct
The Silence of the Lambs
95.2%
Speed
88.1%
You've Got Mail
81.3%
Ghost
77.5%
Scream
77%
Dumb and Dumber
75.4%
Point Break
69.2%
Eyes Wide Shut
69%
As Good as It Gets
68.8%
Ace Ventura: Pet Detective
64.2%
There's Something About Mary
63.6%
Twister
60%
% Correct
Contact
52.2%
Any Given Sunday
47.9%
The Doors
46.9%
Apollo 13
46.2%
A Few Good Men
43.1%
Batman Forever
41.9%
Wild Things
40.8%
Mars Attacks!
38.3%
A Time to Kill
30.3%
Glengarry Glen Ross
22.4%
101 Dalmatians
13.7%
The Edge
10.2%

You're not logged in!

Compare scores with friends on all Sporcle quizzes.
OR
Log In

Show Comments

Extras

Top Quizzes Today


Score Distribution

Your Account Isn't Verified!

In order to create a playlist on Sporcle, you need to verify the email address you used during registration. Go to your Sporcle Settings to finish the process.

Report this User

Report this user for behavior that violates our Community Guidelines.

Details: